| 000 | 00809nam a22001937a 4500 | ||
|---|---|---|---|
| 003 | BD-DhUL | ||
| 005 | 20211222111314.0 | ||
| 008 | 211222s1371 bg ||||| |||| 000 0 ben | | ||
| 040 |
_aBD-DhUL _cBD-DhUL |
||
| 082 |
_a891.443 _bCHS |
||
| 100 | _aচট্রোপাধ্যায়, শরৎচন্দ্র । | ||
| 245 |
_aশ্রীকান্ত : _b২য় পর্ব / _cশরৎচন্দ্র চট্রোপাধ্যায় । |
||
| 250 | _a২য পাকিস্তানী সং. | ||
| 260 |
_aঢাকা : _bষ্ট্যাণ্ডার্ড পাবলিশার্স, _c১৩৭১ । |
||
| 300 |
_a১৮৯ পৃ. ; _c১৮ সেমি |
||
| 650 | 4 | _aবাংলা উপন্যাস | |
| 650 | 4 | _aBengali Fiction | |
| 942 |
_2ddc _cBK |
||
| 999 |
_c255076 _d255076 |
||